000 01140nam0a22002531 4500
001 rc\735424
005 20040301141840.8
035 _a(NLR Aleph) 006265542
090 _a6894262
_c6894262
100 _a20040301d1985 u |0rusy50 ca
101 0 _arus
102 _aRU
105 _aa |||||||||
200 1 _aПроблемы автоматизации геофизических исследований
_eСб. науч. работ
_fАН СССР, Дальневост. науч. центр, Ин-т автоматики и процессов управления
_g[Отв. ред. А.С. Девятисильный, М.Ф. Иванов]
210 _aВладивосток
_cДВНЦ АН СССР
_d1985
215 _a162 с.
_cил.
_d20
320 _aБиблиогр. в конце ст.
702 1 _aДевятисильный
_bА. С.
_gАлександр Сергеевич
_4340
712 0 2 _aИнститут автоматики и процессов упр.
_cВладивосток
_3RU\NLR\AUTH\889937312
801 0 _aRU
_bNLR
_gpsbo
801 1 _aRU
_bELAR
_2rusmarc
852 _aNLR
_j85-3/13488
942 _cBOOK
980 _aNB